000 01246nam a2200253 4500
005 20160912151903.0
008 160912s2009 ck ab||| |||| 001 0 spa d
040 _aCO-BoUCM
_bspa
_cSandra Yazo
_dSandra Yazo
041 0 _aspa
082 0 4 _220
_a526
092 _aE63N067
100 1 _aTovar Pinzón, Hermes
_961890
245 1 0 _aImágenes a la deriva
_bLos mapas o las habitaciones del pasado y la nostalgia
_cHermes Tovar Pinzón
260 _aBogotá (Colombia)
_bArchivo General de la Nación
_c2009
300 _a116 páginas
_c34 x 25 cm
500 _aDetalles física: Encuadernación flexible en cartulina, tapas con datos de publicación. Portada sencilla. Texto impreso en una sola columna. Mapas entre el texto, algunos de página entera y a color
505 1 _aPresentación ; Introducción ; Los mapas o la idea de nación ; Los mapas … Isla del rumor ; La nostalgia de lo local ; Cartografía e iconografía ; Conclusiones ; Bibliografía
506 _aConsulta en sala
610 2 _aArchivo General de la Nación
_xMapas
_zColombia
_979944
650 7 _910555
_aCartografía
_zColombia
650 7 _918946
_aMapas
_xFuentes
_zColombia
690 _aBibliotecología
_910049
942 _2LOCAL
_cLIBRO
_e1
_hE63N067
999 _c304619
_d304619